Fiber-Optic Communication Systems / (Record no. 13580)
[ view plain ]
| 000 -LEADER | |
|---|---|
| fixed length control field | 02401cam a2200397 a 4500 |
| 001 - CONTROL NUMBER | |
| control field | 12835417 |
| 005 - DATE AND TIME OF LATEST TRANSACTION | |
| control field | 20040621203224.0 |
| 008 - FIXED-LENGTH DATA ELEMENTS--GENERAL INFORMATION | |
| fixed length control field | 020627s2002 nyuab |rb 001 0 eng |
| 010 ## - LIBRARY OF CONGRESS CONTROL NUMBER | |
| LC control number | 2002284080 |
| 020 ## - INTERNATIONAL STANDARD BOOK NUMBER | |
| International Standard Book Number | 0471215716 |
| 020 ## - INTERNATIONAL STANDARD BOOK NUMBER | |
| International Standard Book Number | 9780471215714 |
| 040 ## - CATALOGING SOURCE | |
| Original cataloging agency | DLC |
| Transcribing agency | DLC |
| Modifying agency | DLC |
| 050 00 - LIBRARY OF CONGRESS CALL NUMBER | |
| Classification number | TK5103.59 |
| Item number | .A37 2002 |
| 082 00 - DEWEY DECIMAL CLASSIFICATION NUMBER | |
| Classification number | 621.38275 |
| Edition number | 22 |
| Item number | AGR |
| 100 1# - MAIN ENTRY--PERSONAL NAME | |
| Personal name | Agrawal, G. P. |
| Fuller form of name | (Govind P.), |
| Dates associated with a name | 1951- |
| 9 (RLIN) | 12238 |
| 245 10 - TITLE STATEMENT | |
| Title | Fiber-Optic Communication Systems / |
| Statement of responsibility, etc | Govind P. Agrawal. |
| 250 ## - EDITION STATEMENT | |
| Edition statement | 3rd ed. |
| 260 ## - PUBLICATION, DISTRIBUTION, ETC. (IMPRINT) | |
| Place of publication, distribution, etc | New York : |
| Name of publisher, distributor, etc | Wiley-Interscience, 2002 |
| Date of publication, distribution, etc | c2002. |
| 300 ## - PHYSICAL DESCRIPTION | |
| Extent | xvii, 546 p. : |
| Other physical details | ill., map ; |
| Dimensions | 25 cm. |
| 490 ## - Series Statement | |
| Series statement | Wiley Series in Microwave and Optical Engineering |
| -- | 27399 |
| 500 ## - GENERAL NOTE | |
| General note | "A Wiley-Interscience publication." |
| 504 ## - BIBLIOGRAPHY, ETC. NOTE | |
| Bibliography, etc | Includes bibliographical references and index. |
| 650 #0 - SUBJECT ADDED ENTRY--TOPICAL TERM | |
| Topical term or geographic name as entry element | Optical communications. |
| 9 (RLIN) | 12239 |
| 650 #0 - SUBJECT ADDED ENTRY--TOPICAL TERM | |
| Topical term or geographic name as entry element | Fiber optics. |
| 9 (RLIN) | 12240 |
| 856 42 - ELECTRONIC LOCATION AND ACCESS | |
| Materials specified | Contributor biographical information |
| Uniform Resource Identifier | <a href="http://www.loc.gov/catdir/bios/wiley044/2002284080.html">http://www.loc.gov/catdir/bios/wiley044/2002284080.html</a> |
| 856 42 - ELECTRONIC LOCATION AND ACCESS | |
| Materials specified | Publisher description |
| Uniform Resource Identifier | <a href="http://www.loc.gov/catdir/description/wiley036/2002284080.html">http://www.loc.gov/catdir/description/wiley036/2002284080.html</a> |
| 856 41 - ELECTRONIC LOCATION AND ACCESS | |
| Materials specified | Table of contents |
| Uniform Resource Identifier | <a href="http://www.loc.gov/catdir/toc/wiley023/2002284080.html">http://www.loc.gov/catdir/toc/wiley023/2002284080.html</a> |
| 942 ## - ADDED ENTRY ELEMENTS (KOHA) | |
| Source of classification or shelving scheme | Dewey Decimal Classification |
| Item type | NB - Book (Non borrowing) |
| Withdrawn status | Item status | Source of classification or shelving scheme | Damaged status | Not for loan | Vendor | Home library | Current library | Shelving location | Date acquired | Source of acquisition | Total Checkouts | Full call number | Barcode | Date last seen | Koha item type | Total Renewals | Date last borrowed | Materials specified (bound volume or other part) |
|---|---|---|---|---|---|---|---|---|---|---|---|---|---|---|---|---|---|---|
| Dewey Decimal Classification | Baccah | Central Library | Central Library | First floor | 04/03/2010 | 621.38275 AGR | 000020094 | 15/07/2025 | NB - Book (Non borrowing) | |||||||||
| Dewey Decimal Classification | Baccah | Central Library | Central Library | First floor | 04/03/2010 | 1 | 621.38275 AGR | 000020095 | 15/07/2025 | Book - Borrowing | 2 | 09/05/2011 | ||||||
| Dewey Decimal Classification | Baccah | Central Library | Central Library | First floor | 04/03/2010 | 1 | 621.38275 AGR | 000020097 | 15/07/2025 | Book - Borrowing | 3 | 30/03/2011 | ||||||
| Dewey Decimal Classification | Baccah | Central Library | Central Library | First floor | 04/03/2010 | 621.38275 AGR | 000020099 | 24/08/2022 | CD | DVD - With book (NB) | Lost In Inventory_2018-08-12 | ||||||||
| Dewey Decimal Classification | Baccah | Central Library | Central Library | First floor | 04/03/2010 | 621.38275 AGR | 000020096 | 24/08/2022 | CD | DVD - With book | |||||||||
| Dewey Decimal Classification | Baccah | Central Library | Central Library | First floor | 04/03/2010 | 621.38275 AGR | 000020098 | 24/08/2022 | CD | DVD - With book |